000 00538nam a22001697a 4500
003 SISC
005 20170606103433.0
008 170606b xxu||||| |||| 00| 0 eng d
020 _a9789719617402
050 _aPL 6055
_b.Ar749 2015
100 _aArnilla, Arvin Kim A.
245 _aGabay sa pagbasa, pagsulat at pananaliksik sa Filipino /
_bArvin Kim A. Arnilla.
260 _aManila :
_bWiseman's Books Trading, Inc.,
_c2015.
300 _aiv, 120 pages ;
_c22 cm.
500 _aIncludes bibliographical references.
942 _2lcc
_cBK
999 _c335203
_d335203